| 000 | 01316cam a2200337 a 4500 | ||
|---|---|---|---|
| 001 | 15061986 | ||
| 003 | ARRUPE | ||
| 005 | 20160229141116.0 | ||
| 008 | 071029s2008 mnu b 001 0 eng | ||
| 010 | _a 2007044770 | ||
| 015 |
_aGBA823556 _2bnb |
||
| 016 | 7 |
_a014531782 _2Uk |
|
| 020 | _a9780800662530 (alk. paper) | ||
| 020 | _a0800662539 (alk. paper) | ||
| 035 | _a(OCoLC)ocn180989472 | ||
| 035 |
_a(OCoLC)180989472 _z(OCoLC)156832292 |
||
| 040 |
_aDLC _cDLC _dBAKER _dYDXCP _dUKM _dBTCTA _dC#P _dBWX _dDLC |
||
| 050 | 0 | 0 |
_aBR333.3 _b.B54 2008 |
| 082 | 0 | 0 |
_a230/.41 _222 |
| 100 | 1 |
_aBielfeldt, Dennis D. _922546 |
|
| 245 | 1 | 4 |
_aThe substance of the faith : _bLuther's doctrinal theology for today / _cDennis Bielfeldt, Mickey L. Mattox, and Paul R. Hinlicky ; edited and introduced by Paul R. Hinlicky. |
| 260 |
_aMinneapolis, MN : _bFortress Press, _cc2008. |
||
| 300 |
_avii, 214 p. ; _c22 cm. |
||
| 504 | _aIncludes bibliographical references and index. | ||
| 600 | 1 | 0 |
_aLuther, Martin, _d1483-1546. _93318 |
| 700 | 1 |
_aMattox, Mickey Leland, _d1956- _922547 |
|
| 700 | 1 |
_aHinlicky, Paul R. _922548 |
|
| 906 |
_a7 _bcbc _corignew _d1 _eecip _f20 _gy-gencatlg |
||
| 942 |
_2lcc _cMONOGRAPH |
||
| 999 |
_c124241 _d124241 |
||